Normal view
MARC view
- African Americans
Entry Topical Term
001 - CONTROL NUMBER
- control field: 93631
003 - CONTROL NUMBER IDENTIFIER
- control field: NUST
005 - DATE AND TIME OF LATEST TRANSACTION
- control field: 20220719093819.0
008 - FIXED-LENGTH DATA ELEMENTS
- fixed length control field: 220719|| aca||aabn | a|a d
040 ## - CATALOGING SOURCE
- Original cataloging agency: NUST
- Transcribing agency: NUST
150 ## - HEADING--TOPICAL TERM
- Topical term or geographic name entry element: African Americans
- Geographic subdivision: Ohio
- General subdivision: History
- Chronological subdivision: 19th century
670 ## - SOURCE DATA FOUND
- Source citation: Work cat.: (NUST)0: Cox, Anna-Lisa, author. 93628, The bone and sinew of the land :
